Cities Named After Joseph Stalin - Statistics

General Stats
  • This quiz has been taken 17 times
  • The average score is 3 of 15
Answer Stats
Country Former Name Time Period Current % Correct
Russia Stalingrad 1925–1961 Volgograd
80%
Ukraine Stalino 1924–1961 Donetsk
53%
Tajikistan Stalinabad 1929–1961 Dushanbe
47%
Poland Stalingród 1953–1956 Katowice
40%
Bulgaria Stalin 1949–1956 Varna
27%
East Germany Stalinstadt 1953–1961 Eisenhüttenstadt
20%
Romania Orașul Stalin 1950-1960 Brașov
13%
Albania Qyteti Stalin (Stalin City) 1950–1990 Kuçovë
13%
Turkmenistan Stalin District 1935–1961 Murgap District
13%
Armenia Imeni Stalina circa 1956 Aygevan
7%
Hungary Sztálinváros 1951–1961 Dunaújváros
7%
Georgia Stalinisi 1931–1934 Khashuri
7%
Russia Stalinsk 1932–1961 Novokuznetsk
7%
Russia Stalinogorsk 1934–1961 Novomoskovsk
7%
Georgia Staliniri 1934–1961 Tskhinvali
7%
No matching quizzes found
Score Distribution
Percent of People with Each Score
Percentile by Number Answered
Your Score History
You have not taken this quiz